The Pragmatic Turn /

Estudio sobre la importancia del pragmatismo en la filosofía contemporánea, donde el autor señala su evolución e incidencia en el pensamiento de diversos filósofos: Peirce, W. James, J. Dewey, Hegel, Putnam, Habermas y Rorty.

Guardat en:
Dades bibliogràfiques
Autor principal: Bernstein, Richard J. (autor)
Format: Llibre
Idioma:anglès
Publicat: Malden, EUA : Polity, 2010, c2010
Matèries:
Etiquetes: Afegir etiqueta
Sense etiquetes, Sigues el primer a etiquetar aquest registre!

MARC

LEADER 00000nam^a2200000^a^4500
001 000394386
005 20250521000000.0
009 20260310121334.34
020 |a 978-0-7456-4908-5 
025 |a Donación Buena Prensa, 1 ejemplar (noviembre 2016) 
037 |a Acervo Xavier Clavigero 
041 |a ING 
082 |a 144. 3  |b BER 
100 |a Bernstein, Richard J.  |e (autor) 
245 1 4 |a The Pragmatic Turn /  |c R.J. Bernstein. 
264 4 |a Malden, EUA :  |b Polity,  |c 2010, c2010 
300 |a XI, 263 p. 
336 |a texto  |b txt  |2 rdacontenido 
337 |a sin mediación  |b n  |2 rdamedio 
338 |a volumen  |b nc  |2 rdasoporte 
520 |a Estudio sobre la importancia del pragmatismo en la filosofía contemporánea, donde el autor señala su evolución e incidencia en el pensamiento de diversos filósofos: Peirce, W. James, J. Dewey, Hegel, Putnam, Habermas y Rorty. 
649 |a XX 
650 |a Verdad 
650 |a Objetividad y Subjetividad en la Ciencia 
650 |a Etica 
650 |a Democracia 
650 |a Lingüística 
650 |a Pragmatismo -  |x Historia y Crítica -  |x Tema Principal 
650 |a Filosofía del Siglo XX -  |x Historia y Crítica 
650 |a Peirce, Charles Sanders 
650 |a James, William 
650 |a Dewey, John 
650 |a Putnam, Hilary 
650 |a Habermas, Jürgen 
650 |a Rorty, Richard 
600 |a Hegel, Friedrich 
910 |a Fondo General 
920 |a Impresos - Libros 
930 |a Colección General 
905 |a 101 
901 |a 0500289728  |b IT1  |c ACC  |i FXC D  |u 20250521 
902 |a https://opac.biblio.iteso.mx/vufind/Record/000394386